Religion Quiz

Random Religion or Letter Quiz

5-Letter Pope Names Quiz Stats

 Plays Quiz Updated Oct 6, 2017

Score 0/9 Timer 03:00
0 Plays Today
# of Popes Name % Correct
1Peter
80.7%
8Urban
68.4%
1Linus
35.4%
3Felix
26.8%
1Lando
17.4%
1Caius
16.3%
1Conon
14.5%
1Soter
13.9%
1Donus
13.4%

You're not logged in!

Compare scores with friends on all Sporcle quizzes.
OR
Log In

You Might Also Like...

Show Comments

Extras

Top Quizzes Today


Score Distribution

Your Account Isn't Verified!

In order to create a playlist on Sporcle, you need to verify the email address you used during registration. Go to your Sporcle Settings to finish the process.

Report this User

Report this user for behavior that violates our Community Guidelines.

Details: